The crisis in Kashmir : (Record no. 15625)

000 -LEADER
fixed length control field 01321cam a2200301 a 4500
001 - CONTROL NUMBER
control field 2581094
005 - DATE AND TIME OF LATEST TRANSACTION
control field 20170105102922.0
008 - FIXED-LENGTH DATA ELEMENTS--GENERAL INFORMATION
fixed length control field 961023s1997 dcub b 001 0 eng
010 ## - LIBRARY OF CONGRESS CONTROL NUMBER
LC control number 96039401
020 ## - INTERNATIONAL STANDARD BOOK NUMBER
International Standard Book Number 0521590663 (hardback)
040 ## - CATALOGING SOURCE
Original cataloging agency DLC
Transcribing agency DLC
Modifying agency DLC
043 ## - GEOGRAPHIC AREA CODE
Geographic area code a-ii---
050 00 - LIBRARY OF CONGRESS CALL NUMBER
Classification number DS485.K27
Item number G37 1997
082 00 - DEWEY DECIMAL CLASSIFICATION NUMBER
Classification number 954/.6
Edition number 21
100 1# - MAIN ENTRY--PERSONAL NAME
Personal name Ganguly, Sumit.
245 14 - TITLE STATEMENT
Title The crisis in Kashmir :
Remainder of title portents of war, hopes of peace /
Statement of responsibility, etc. Šumit Ganguly.
260 ## - PUBLICATION, DISTRIBUTION, ETC.
Place of publication, distribution, etc. [Washington, D.C.] :
Name of publisher, distributor, etc. Woodrow Wilson Center Press ;
Place of publication, distribution, etc. Cambridge ;
-- New York :
Name of publisher, distributor, etc. Cambridge University Press,
Date of publication, distribution, etc. 1997.
300 ## - PHYSICAL DESCRIPTION
Extent xv, 182 p. :
Other physical details maps ;
Dimensions 24 cm.
440 #0 - SERIES STATEMENT/ADDED ENTRY--TITLE
Title Woodrow Wilson Center series
504 ## - BIBLIOGRAPHY, ETC. NOTE
Bibliography, etc. note Includes bibliographical references and index.
651 #0 - SUBJECT ADDED ENTRY--GEOGRAPHIC NAME
Geographic name Jammu and Kashmir (India)
General subdivision Politics and government.
856 42 - ELECTRONIC LOCATION AND ACCESS
Materials specified Publisher description
Uniform Resource Identifier <a href="http://www.loc.gov/catdir/description/cam028/96039401.html">http://www.loc.gov/catdir/description/cam028/96039401.html</a>
856 41 - ELECTRONIC LOCATION AND ACCESS
Materials specified Table of contents
Uniform Resource Identifier <a href="http://www.loc.gov/catdir/toc/cam026/96039401.html">http://www.loc.gov/catdir/toc/cam026/96039401.html</a>
856 42 - ELECTRONIC LOCATION AND ACCESS
Materials specified Contributor biographical information
Uniform Resource Identifier <a href="http://www.loc.gov/catdir/enhancements/fy0834/96039401-b.html">http://www.loc.gov/catdir/enhancements/fy0834/96039401-b.html</a>
906 ## - LOCAL DATA ELEMENT F, LDF (RLIN)
a 7
b cbc
c orignew
d 1
e ocip
f 19
g y-gencatlg
942 ## - ADDED ENTRY ELEMENTS (KOHA)
Source of classification or shelving scheme
Koha item type Book
Holdings
Withdrawn status Lost status Damaged status Not for loan Collection code Permanent Location Current Location Shelving location Date acquired Total Checkouts Full call number Barcode Date last seen Price effective from Koha item type
          Centre for International Peace & Stability (CIPS) Centre for International Peace & Stability (CIPS) General Stacks 12/06/2013   954.6 GAN 1997 CIPS0001534 12/06/2013 12/06/2013 Book
© 2023 Central Library, National University of Sciences and Technology. All Rights Reserved.